Missing Word: 18th Century Europe A-Z Quiz Stats

 Plays Quiz Updated Jan 23, 2016

Challenge
Share
Tweet
Embed
Score 0/24 Timer 04:00
0 Plays Today
Hint Answer % Correct
Wolfgang ____ Mozart - composerAmadeus
78.8%
Frederick the ____ - kingGreat
72.6%
____ the Great - empressCatherine
71.2%
Reign of ____ - 1793-1794Terror
63.3%
Louis ____ - executed kingXVI
62.1%
Immanuel ____ - philosopherKant
60.3%
The Magic ____ - premiered 1791Flute
57.8%
The ____ of Figaro - premiered 1786Marriage
51.1%
Candide by ____ - published 1759Voltaire
48.3%
The ____ of Nations - published 1776Wealth
47.6%
War of the ____ Succession - 1701-1714Spanish
41.6%
Maximilien de ____ - revolutionaryRobespierre
41.3%
Hint Answer % Correct
A Modest ____ - published 1729Proposal
37.5%
Calico ____ - pirateJack
37.2%
David ____ - philosopherHume
36.9%
Sturm und ____ - movementDrang
34%
Treaty of ____ - 1713Utrecht
34%
War of Jenkins' ____ - 1739-1748Ear
27.7%
____ earthquake - 1755Lisbon
26%
Songs of ____ - published 1789Innocence
20.1%
Great ____ War - 1700-1721Northern
19.4%
Lyrical ____ - published 1798Ballads
15%
The Castle of ____ - published 1764Otranto
13.6%
____ Pugachev - rebel leaderYemelyan
11%

Today's Daily Dose

Missing Word
TV HA - HZ

Word Ladder
Nordic Capital

On This Day
January 19th II

You're not logged in!

Compare scores with friends on all Sporcle quizzes.
OR
Log In

You Might Also Like...

Show Comments

Extras

Top Quizzes Today


Score Distribution

Your Account Isn't Verified!

In order to create a playlist on Sporcle, you need to verify the email address you used during registration. Go to your Sporcle Settings to finish the process.

Report this User

Report this user for behavior that violates our Community Guidelines.

Details: